MARC

LEADER 00000nam0a2200000 4500
001 286984
005 20231101235938.0
020 |a RU  |b 85-67804 
035 |a (RuTPU)RU\TPU\book\311350 
090 |a 286984 
100 |a 20150311d1985 k y0rusy5003 ca 
101 0 |a rus 
102 |a RU 
105 |a a z 001zy 
200 1 |a Диагностирование оборудования гибкого автоматизированного производства  |f Е. Г. Нахапетян  |g Академия наук СССР (АН СССР), Институт машиноведения им. А. А. Благонравова (ИМАШ) ; под ред. Е. А. Цуханова 
210 |a Москва  |c Наука  |d 1985 
215 |a 225 с.  |c ил.  |d 21 см 
320 |a Библиогр.: с. 219-222 
606 1 |a Гибкие производственные системы  |x Оборудование  |2 stltpush  |3 (RuTPU)RU\TPU\subj\6418  |9 34303 
610 1 |a техническая диагностика 
610 1 |a качество 
610 1 |a оценка 
610 1 |a квалиметрические подходы 
610 1 |a механизмы 
610 1 |a моделирование 
610 1 |a надежность 
610 1 |a промышленные роботы 
610 1 |a манипуляторы 
610 1 |a тела вращения 
610 1 |a корпусные детали 
610 1 |a заготовительные цеха 
610 1 |a сборочные цеха 
610 1 |a диагностическая аппаратура 
610 1 |a специальные методы 
610 1 |a автоматизация 
610 1 |a техническое состояние 
610 1 |a диагностические системы 
610 1 |a диагностирование 
675 |a 658.52.011.56.012.3  |z rus  |v 3 
700 1 |a Нахапетян  |b Е. Г.  |g Евгений Григорьевич  |4 070 
702 1 |a Цуханова  |b Е. А.  |4 340 
712 0 2 |a Академия наук СССР (АН СССР)  |b Институт машиноведения им. А. А. Благонравова (ИМАШ)  |c (Москва)  |2 stltpush  |3 (RuTPU)RU\TPU\col\13568 
801 0 |a RU  |b RuMRKP  |c 19950704  |g psbo 
801 1 |a RU  |b 63413507  |c 20150311 
801 2 |a RU  |b 63413507  |c 20160927  |g RCR 
942 |c BK